Normal view MARC view
  • Morán Oviedo, Porfirio

Entry Nombre Personal

Number of records used in: 14

001 - NUMERO DE CONTROL

  • campo de control: 29389

003 - IDENTIFICADOR DE NUMERO DE CONTROL

  • campo de control: UPN

005 - FECHA Y HORA DE LA ÜLTIMA TRANSACCIÓN

  • campo de control: 20250227091754.0

008 - DATOS DE LONGITUD FIJA

  • campo de control de longitud fija: 250227nabaccnnaabn b |nc |d

035 ## - NUMERO DE CONTROL

  • Número de control: UPN11000001495

040 ## - FUENTE DE CATALOGACIÓN

  • Lenguaje de catalogación: SPA
  • Agencia de transcripción: UPN

100 1# - ENCABEZAMIENTO - NOMBRE PERSONAL

  • Nombre personal: Morán Oviedo, Porfirio

670 ## - FUENTE EN LA QUE SE LOCALIZARON DATOS

  • Cita de la fuente: T
  • Información localizada: La docencia como actividad profesional

902 ## - CATALOGADOR

  • Catalogador: DAA/270508